| 000 | 00733nam a2200229Ia 4500 | ||
|---|---|---|---|
| 003 | GCL | ||
| 008 | 140319s9999 xx 000 0 ara d | ||
| 040 |
_aGCL / _cGCL |
||
| 082 | 0 | 4 |
_a862.008 _bب ا |
| 100 | 1 | _aالطاهر احمد مكى | |
| 245 | 1 | 0 |
_aاسطورة دون كيشوت / _cالطاهر احمد مكى |
| 700 | 1 | _aصلاح فضل (ترجمة) | |
| 700 | 1 | _aبايخو، بويرو | |
| 300 | _a172 ص | ||
| 490 |
_aمن المسرح العالمى _v0 |
||
| 650 | 0 | 4 | _aالادب |
| 650 | 0 | 4 | _aالادب الاسبانى |
| 650 | 0 | 4 | _aالمسرحيات الاسبانية |
| 650 | 0 | 4 | _aالادب العالمى المترجم |
| 650 | 0 | 4 | _aالادب الاسبانى المترجم |
| 942 |
_2ddc _cBK |
||
| 999 |
_c40970 _d40970 |
||